Mediation : principles and regulation in comparative perspective /

Mediation has become a vital means of resolving disputes in jurisdictions around the world. This book offers a comprehensive comparative analysis of mediation, introducing the law and practical experience in 22 jurisdictions.

Bibliographic Details
Other Authors: Hopt, Klaus J., 1940- (Editor), Steffek, Felix (Editor)
Format: eBook
Language:English
Published: Oxford : Oxford University Press, 2013.
Subjects:
Online Access:Connect to the full text of this electronic book

MARC

Tag First Indicator Second Indicator Subfields
LEADER 00000cam a2200000 i 4500
001 in00005709321
005 20260318191722.6
006 m o d
007 cr cn|||||||||
008 130207s2013 enk ob 001 0 eng c
040 |a InIU-L  |b eng  |e rda  |e pn  |c ILI  |d UKMGB  |d OTZ  |d YDXCP  |d OCLCO  |d OCLCQ  |d OCLCF  |d SISMU  |d UIU  |d STBDS  |d FIE  |d VGL  |d OCLCQ  |d OCLCO  |d UEJ  |d U3W  |d AU@  |d WYU  |d YOU  |d N$T  |d YDX  |d OCLCQ  |d HS0  |d OCLCO  |d OCLCQ  |d OCLCO  |d OCLCL 
016 7 |a 016152009  |2 Uk 
019 |a 828182308 
020 |a 9780191758270 
020 |a 0191758272 
020 |a 9780191669347  |q (electronic bk.) 
020 |a 0191669342  |q (electronic bk.) 
020 |z 9780199653485 
020 |z 0199653488 
035 |a (OCoLC)826928951  |z (OCoLC)828182308 
042 |a pcc 
050 4 |a K2390  |b .M43 2012 
072 7 |a LAW  |x 012000  |2 bisacsh 
072 7 |a LAW  |x 062000  |2 bisacsh 
072 7 |a POL  |x 040030  |2 bisacsh 
082 0 4 |a 347/.09  |2 23 
049 |a TXAM 
245 0 0 |a Mediation :  |b principles and regulation in comparative perspective /  |c edited by Klaus J. Hopt, Felix Steffek. 
264 1 |a Oxford :  |b Oxford University Press,  |c 2013. 
300 |a 1 online resource (lx, 1348 pages) 
336 |a text  |b txt  |2 rdacontent 
337 |a computer  |b c  |2 rdamedia 
338 |a online resource  |b cr  |2 rdacarrier 
504 |a Includes bibliographical references and index. 
505 0 0 |t Mediation: comparison of laws, regulatory models, fundamental issues /  |r Klaus J. Hopt and Felix Steffek --  |t Harmonisation and diversity in the private international law of mediation: the rhythms of regulatory reform /  |r Nadja Alexander --  |t Privatising civil justice and the day in court /  |r Rainer Kulms --  |t Mediation in Austria: the European pioneer in mediation law and practice /  |r Markus Roth, David Gherdane --  |t Mediation in Bulgaria: legal regime, EU harmonisation and practical experience /  |r Evgen Georgiev, Christa Jessel-Holst --  |t Mediation in England and Wales: regulation and practice /  |r Jens M. Scherpe, Bevan Marten --  |t Mediation in France: legal framework and practical experiences /  |r Katrin Deckert --  |t Mediation in Germany: the German Mediation Act--alternative dispute resolution at the crossroads /  |r Peter Tochtermann --  |t Mediation in Greece: a contemporary procedural approach to resolving disputes /  |r Nikolaos K. Klamaris, Calliope G. Chronopoulou --  |t Mediation in Hungary: legal foundations, recent reforms, EU convergence /  |r Christa Jessel-Holst --  |t Mediation in Ireland: growing importance of ADR driven by budgetary restraints and docket congestion--cheap and easy way out? /  |r Reinhard Ellger --  |t Mediation in Italy: alternative dispute resolution for all /  |r Giuseppe De Palo, Lauren Keller --  |t Mediation in the Netherlands: between state promotion and private regulation /  |r Liane Schmiedel --  |t Mediation in Poland: time for a quiet revolution? /  |r Rafal Morek, Lukasz Rozdeiczer --  |t Mediation in Portugal: growing up in a sheltered home /  |r Jan Peter Schmidt --  |t Mediation in Spain: dealing with its first national regulation /  |r Maria Luisa Villamarin Lopez --  |t Mediation in Australia: development and problems /  |r Ulrich Magnus --  |t Mediation in Canada: one goal--different approaches to mediation in a state with federal and provincial jurisdictions /  |r Reinhard Ellger --  |t Mediation in China: threat to the rule of law? /  |r Knut B. Pissler --  |t Mediation in Japan: development, forms, regulation and practice of out-of-court dispute resolution /  |r Harald Baum --  |t Mediation in New Zealand: widely accepted and successful /  |r Heyo Berg --  |t Mediation in Norway: 'faster, cheaper and more friendly' /  |r Anneken Karl Sperr --  |t Mediation in Russia: regulation and practice /  |r Dmitry Davydeko --  |t Mediation in Switzerland /  |r Christoph Kumpan, Cathrin Bauer-Bulst --  |t Mediation in the USA: alternative dispute resolution between legalism and self-determination /  |r Rainer Kulms. 
520 8 |a Mediation has become a vital means of resolving disputes in jurisdictions around the world. This book offers a comprehensive comparative analysis of mediation, introducing the law and practical experience in 22 jurisdictions. 
588 0 |a Online resource; title from online title page (OSO, viewed February 7, 2013). 
650 0 |a Mediation. 
650 6 |a Médiation. 
650 7 |a mediation.  |2 aat 
650 7 |a LAW  |x Civil Procedure.  |2 bisacsh 
650 7 |a LAW  |x Legal Services.  |2 bisacsh 
650 7 |a POLITICAL SCIENCE  |x Government  |x Judicial Branch.  |2 bisacsh 
650 7 |a Mediation  |2 fast 
650 7 |a Law - Non-U.S.  |2 hilcc 
650 7 |a Law, Politics & Government.  |2 hilcc 
650 7 |a Law - Europe, except U.K.  |2 hilcc 
655 7 |a Electronic books.  |2 local 
700 1 |a Hopt, Klaus J.,  |d 1940-  |e editor.  |1 https://id.oclc.org/worldcat/entity/E39PBJgRQfpqKqMXMh8pgtYwYP 
700 1 |a Steffek, Felix,  |e editor. 
758 |i has work:  |a Mediation (Text)  |1 https://id.oclc.org/worldcat/entity/E39PCFDgqmRywYjRBjhdV3XtVd  |4 https://id.oclc.org/worldcat/ontology/hasWork 
776 0 8 |i Print version:  |t Mediation.  |z 9780199653485  |z 0199653488 
856 4 0 |u http://proxy.library.tamu.edu/login?url=https://academic.oup.com/book/34838  |z Connect to the full text of this electronic book  |t 0 
955 |a Oxford Scholarship Online 
994 |a 92  |b TXA 
999 f f |i 4f3be701-0de6-4e24-9d90-910f00213631  |s 425f5571-6072-4d65-ac4a-ab06e256a19a  |t 0 
952 f f |a Texas A&M University  |b College Station  |c Electronic Resources  |s www_evans  |d Available Online  |t 0  |e K2390 .M43 2012  |h Library of Congress classification 
998 f f |a K2390 .M43 2012  |t 0  |l Available Online